000
00315nam a2200121Ia 4500
008
220204s9999 xx 000 0 und d
082
_a
331.214.242
_b
JEN
100
_a
JENKINS, Clive
245
0
_a
Collective bargaining
260
_a
London
_b
Routledge & Kegan Paul
_c
1977
700
_a
SHERMAN, Barrie
942
_c
BK
999
_c
28548
_d
28548